Normal view
MARC view
- Inclusive education.
Entry Topical Term
001 - CONTROL NUMBER
- control field: 51829
003 - CONTROL NUMBER IDENTIFIER
- control field: OSt
005 - DATE AND TIME OF LATEST TRANSACTION
- control field: 20240207155825.0
008 - FIXED-LENGTH DATA ELEMENTS
- fixed length control field: 240207|| aca||aabn | a|a d
040 ## - CATALOGING SOURCE
- Original cataloging agency: OSt
- Transcribing agency: OSt
150 ## - HEADING--TOPICAL TERM
- Topical term or geographic name entry element: Inclusive education.
670 ## - SOURCE DATA FOUND
- Source citation: Work cat.: (OSt): Lee, Marina M. (Marina Minhwa), author. 51828, Culturally responsive conversations : , [2023].
